| 000 | 00797cam a22002653a 4500 | ||
|---|---|---|---|
| 001 | 24421 | ||
| 003 | PGUSA | ||
| 005 | 20140828083524.0 | ||
| 008 | 080125s2008||||xxu|||||s|||||000 | eng d | ||
| 040 |
_aPGUSA _beng |
||
| 042 | _adc | ||
| 050 | 4 | _aPT | |
| 245 | 1 | 4 |
_aThe Story Of Gunnlaug The Worm-Tongue And Raven The Skald : _b1875 _h[electronic resource] / _cAnonymous |
| 260 |
_bProject Gutenberg, _c2008 |
||
| 506 | _aPublic domain in the USA. | ||
| 516 | _aElectronic text | ||
| 653 | _aSagas -- Translations into English | ||
| 653 | _aMythology, Norse | ||
| 653 | _aLegends -- Iceland | ||
| 700 | 1 |
_aMorris, William, _d1834-1896 |
|
| 700 | 1 |
_aEiríkr Magnússon, _d1833-1913 |
|
| 830 | 0 |
_aProject Gutenberg _v24421 |
|
| 856 | 4 | 0 | _uhttp://www.gutenberg.org/ebooks/24421 |
| 942 | _cEB | ||
| 999 |
_c253676 _d253676 |
||